Применение эластичности спроса и предложения в налоговой политике; Перспективное развитие науки, техники и технологий; Т. 3

Bibliografiske detaljer
Parent link:Перспективное развитие науки, техники и технологий: материалы 3-й Международной научно-практической конференции, г. Курск, 18 октября 2013 г..— , 2013
Т. 3.— 2013.— [С. 150-153]
Hovedforfatter: Разумников С. В. Сергей Викторович
Institution som forfatter: Национальный исследовательский Томский политехнический университет (ТПУ) Юргинский технологический институт (филиал) (ЮТИ) Кафедра информационных систем (ИС)
Summary:Заглавие с экрана
Sprog:russisk
Udgivet: 2013
Fag:
Online adgang:http://elibrary.ru/item.asp?id=22904038
Format: MixedMaterials Electronisk Book Chapter
KOHA link:https://koha.lib.tpu.ru/cgi-bin/koha/opac-detail.pl?biblionumber=643888

MARC

LEADER 00000naa0a2200000 4500
001 643888
005 20250606135156.0
035 |a (RuTPU)RU\TPU\network\8887 
035 |a RU\TPU\network\8885 
090 |a 643888 
100 |a 20151012d2013 k y0rusy50 ca 
101 0 |a rus 
102 |a RU 
135 |a drcn ---uucaa 
181 0 |a i  
182 0 |a b 
200 1 |a Применение эластичности спроса и предложения в налоговой политике  |f С. В. Разумников 
203 |a Текст  |c электронный 
300 |a Заглавие с экрана 
320 |a [Библиогр.: с. 153 (2 назв.)] 
461 |t Перспективное развитие науки, техники и технологий  |o материалы 3-й Международной научно-практической конференции, г. Курск, 18 октября 2013 г.  |o в 3-х т.  |d 2013 
463 |t Т. 3  |v [С. 150-153]  |d 2013 
610 1 |a электронный ресурс 
610 1 |a труды учёных ТПУ 
610 1 |a эластичность спроса 
610 1 |a эластичность предложения 
610 1 |a налоговая политика 
700 1 |a Разумников  |b С. В.  |c специалист в области информатики и вычислительной техники  |c доцент Юргинского технологического института (филиала) Томского политехнического университета, кандидат технических наук  |f 1988-  |g Сергей Викторович  |3 (RuTPU)RU\TPU\pers\31649  |9 15786 
712 0 2 |a Национальный исследовательский Томский политехнический университет (ТПУ)  |b Юргинский технологический институт (филиал) (ЮТИ)  |b Кафедра информационных систем (ИС)  |3 (RuTPU)RU\TPU\col\18893 
801 1 |a RU  |b 63413507  |c 20141010 
801 2 |a RU  |b 63413507  |c 20151012  |g RCR 
850 |a 63413507 
856 4 |u http://elibrary.ru/item.asp?id=22904038 
942 |c CF